00521nmm a2200145Ia 4500008004100000020001800041041000800059100002700067245006500094264005800159300001800217490005900235650003000294856005100324251105s9999||||xx |||||||||||||||||und|| a9788484898795 aspa aColmeiro, José (ed.) 0aEncrucijadas globales :b Redefinir España en el siglo XXI a[Madrid, España] :bIberoamericana Vervuert, c2015 a336 páginas aLa Casa de la Riqueza. Estudios de Cultura de España aSocial Sciences (General) uhttps://public.digitaliapublishing.com/a/56787